Behavioural and empirical topics for discussion on economic science paradigms
Kritická analýza teórie spravodlivej poistky.
Salvato in:
| Autore principale: | |
|---|---|
| Altri autori: | |
| Natura: | Capitolo di libro |
| Lingua: | inglese |
| Soggetti: | |
| Tags: |
Nessun Tag, puoi essere il primo ad aggiungerne!!
|
MARC
| LEADER | 00000naa a2200000 4500 | ||
|---|---|---|---|
| 001 | 0196819 | ||
| 005 | 20220715113140.9 | ||
| 041 | 0 | |a eng | |
| 044 | |a CZ | ||
| 245 | 1 | 0 | |a Behavioural and empirical topics for discussion on economic science paradigms |c Jaroslav Daňhel, Eva Ducháčková |
| 520 | |a Kritická analýza teórie spravodlivej poistky. | ||
| 610 | 2 | 0 | |a veda ekonomická |
| 610 | 2 | 0 | |a paradigma |
| 610 | 2 | 0 | |a kríza hospodárska |
| 610 | 2 | 0 | |a analýza empirická |
| 610 | 2 | 0 | |a teórie ekonomické |
| 100 | 1 | |a Daňhel, Jaroslav | |
| 700 | 1 | |a Ducháčková, Eva | |